Last orders for use classes (Record no. 73984)
[ view plain ]
| 000 -LEADER | |
|---|---|
| fixed length control field | 01288cam a2200241 4500 |
| 001 - CONTROL NUMBER | |
| control field | ABS67362 |
| 008 - FIXED-LENGTH DATA ELEMENTS--GENERAL INFORMATION | |
| fixed length control field | 031219n2003 000 0 eng u |
| 035 ## - SYSTEM CONTROL NUMBER | |
| System control number | (Sirsi) u124662 |
| 100 ## - MAIN ENTRY--PERSONAL NAME | |
| Personal name | Dewar, D. |
| 245 ## - TITLE STATEMENT | |
| Title | Last orders for use classes |
| 260 ## - PUBLICATION, DISTRIBUTION, ETC. | |
| Date of publication, distribution, etc. | 2003 |
| 490 ## - SERIES STATEMENT | |
| Series statement | Planning (for the Natural and Built Environment) |
| Volume/sequential designation | (1549) 12 December 2003, 8(1) |
| 520 ## - SUMMARY, ETC. | |
| Summary, etc. | Examines government proposals to amend the Use Classes Order for restaurants, public houses and takeaways. The existing A3 class food and drink would be confined to cafes and restaurant whilst an A4 class would be created for public houses and bars whereas takeaways would be consigned to a new A5 class. A table lists use class revisions including details of permitted change of use for each new class. The aim is to help local authorities create the correct balance of business on the high street through sensible development rather than one that can have a negative impact on the local quality of life. |
| 590 ## - LOCAL NOTE (RLIN) | |
| Local note | ABS |
| 650 ## - SUBJECT ADDED ENTRY--TOPICAL TERM | |
| Topical term or geographic name entry element | USE CLASSES |
| 650 ## - SUBJECT ADDED ENTRY--TOPICAL TERM | |
| Topical term or geographic name entry element | CHANGE OF USE |
| 650 ## - SUBJECT ADDED ENTRY--TOPICAL TERM | |
| Topical term or geographic name entry element | RESTAURANTS |
| 650 ## - SUBJECT ADDED ENTRY--TOPICAL TERM | |
| Topical term or geographic name entry element | PUBLIC HOUSES |
| 650 ## - SUBJECT ADDED ENTRY--TOPICAL TERM | |
| Topical term or geographic name entry element | BARS |
| 650 ## - SUBJECT ADDED ENTRY--TOPICAL TERM | |
| Topical term or geographic name entry element | TOWN AND COUNTRY PLANNING (USE CLASSES) ORDER 1987 |
| 690 ## - LOCAL SUBJECT ADDED ENTRY--TOPICAL TERM (OCLC, RLIN) | |
| Topical term or geographic name as entry element | ENVIRONMENTAL AND LAND CONSULTANCY-PLANNING AND DEVELOPMENT |
| 942 ## - ADDED ENTRY ELEMENTS (KOHA) | |
| Suppress in OPAC | 0 |
| Withdrawn status | Lost status | Source of classification or shelving scheme | Damaged status | Not for loan | Home library | Current library | Shelving location | Date acquired | Total Checkouts | Full call number | Barcode | Date last seen | Copy number | Price effective from | Koha item type |
|---|---|---|---|---|---|---|---|---|---|---|---|---|---|---|---|
| Dewey Decimal Classification | London | London | Journal article | 19/12/2003 | ABS67362 | 124662-1001 | 06/08/2019 | 1 | 06/08/2019 | Journal article |